000 00655nam a2200181 i 4500
001 46334
003 ES-MaACL
005 20250903063057.0
007 t|
008 030328s1915 sp |||| | spa d
100 1 _aComenge, Rafael,
_d1856-1934
_939990
245 1 4 _aLas introducciones temporales
_b: discurso pronunciado por D. Rafael Comenge en la Federación Taquigráfica Española el lunes 21 de diciembre de 1914.
260 _aMadrid :
_b[Biblioteca de El Mundo Taquigráfico,
_c1915]
300 _a16 p. ;
_c24 cm.
710 2 _aFederación Taquigráfica Española.
_9151177
852 _aES-MaACL
_j1502-F-2
999 _c46334
_d46334